A sport szerepe az életmód minőségében
Elmentve itt :
| Szerző: | |
|---|---|
| Testületi szerző: | |
| Dokumentumtípus: | Prezentáció |
| Megjelent: |
2012
|
| Kulcsszavak: | egészséges életmód sport |
| Tárgyszavak: | |
| Online Access: | http://eta.bibl.u-szeged.hu/4182 |
| LEADER | 00785nnm a2200229 i 4500 | ||
|---|---|---|---|
| 001 | eta4182 | ||
| 005 | 20201211113447.0 | ||
| 008 | 201211s2012 hu o 0|| hun d | ||
| 040 | |a SZTE Elektronikus Tananyag Archívum |b hun | ||
| 041 | |a hun | ||
| 100 | 1 | |a Szilágyi Nóra | |
| 245 | 1 | 2 | |a A sport szerepe az életmód minőségében |h [elektronikus dokumentum] / |c Szilágyi Nóra |
| 260 | |c 2012 | ||
| 300 | |a 26 | ||
| 516 | |a Presentation | ||
| 650 | 4 | |a Orvos- és egészségtudomány | |
| 650 | 4 | |a Egészségtudományok | |
| 650 | 4 | |a Sport és fitnesztudományok | |
| 695 | |a egészséges életmód | ||
| 695 | |a sport | ||
| 711 | |a Kutatás-módszertani szeminárium |c Magyarország |d 2012. április 26. | ||
| 856 | 4 | 0 | |u https://eta.bibl.u-szeged.hu/4182/1/2010-0012_92_04.pdf |z Dokumentum-elérés |